000 00686nam a2200205Ia 4500
005 20260121110344.0
008 008 260114s9999 xx 000 0 hin d
020 _a9788132366188
037 _aEBOOK
040 _aCRL
_bhin
_cCRL
041 _ahin
_2hin
084 _qCRL
100 _aबंदना आत्रे / Sanad Kumar
_9945159
245 0 _aबच्चों का बेहतर शारीरिक विकास / Bachon ka behtar sharirik vikas
260 _bभाषा प्रकाशन / Bhasha Prakashan
_c2021
856 _uhttps://bhashaprakashan.com/product-details/379475
942 _cEBOOK
999 _c1536823
_d1536823